Quicksand (Record no. 1100283)

MARC details
000 -LEADER
fixed length control field 00733nam a2200253Ia 4500
003 - CONTROL NUMBER IDENTIFIER
control field OSt
005 - DATE AND TIME OF LATEST TRANSACTION
control field 20221006153404.0
008 - FIXED-LENGTH DATA ELEMENTS--GENERAL INFORMATION
fixed length control field 221006b |||||||| |||| 00| 0 eng d
020 ## - INTERNATIONAL STANDARD BOOK NUMBER
-- 3.95(¥2,440)
037 ## - SOURCE OF ACQUISITION
Terms of availability Textual
040 ## - CATALOGING SOURCE
Original cataloging agency EASL
Transcribing agency EASL
Language of cataloging eng
041 ## - LANGUAGE CODE
Source of code eng
Language code of text/sound track or separate title eng
100 ## - MAIN ENTRY--PERSONAL NAME
Personal name TANIZAKI Junichiro
245 #0 - TITLE STATEMENT
Title Quicksand
260 ## - PUBLICATION, DISTRIBUTION, ETC.
Place of publication, distribution, etc. New York
Name of publisher, distributor, etc. Vintage International
Date of publication, distribution, etc. 1993
300 ## - PHYSICAL DESCRIPTION
Extent 224p.
Dimensions cm.
700 ## - ADDED ENTRY--PERSONAL NAME
Personal name HIBBETT Howard Tr.
9 (RLIN) 662230
942 ## - ADDED ENTRY ELEMENTS (KOHA)
Classification part O42,3M86, N3
Koha item type Textual
Source of classification or shelving scheme Colon Classification (CC)
Holdings
Withdrawn status Lost status Source of classification or shelving scheme Damaged status Not for loan Home library Current library Date acquired Source of acquisition Total Checkouts Full call number Barcode Date last seen Price effective from Koha item type
    Colon Classification (CC)     Department of East Asian Studies Library Department of East Asian Studies Library 2022-10-06 Gift, Japan Foundation   O42,3M86 N3 EA1232960 2022-10-06 2022-10-06 Textual
Copyright @ Delhi University Library System